000 00654nam a2200241Ia 4500
003 OSt
005 20220928103221.0
006 a|||||r|||| 00| 0
007 ta
008 220927b |||||||| |||| 00| 0 eng d
024 _a9559
037 _cTextual
040 _aSDCL
_cSDCL
_beng
041 _2eng
_aeng
082 _aV1:19'P, P1
100 _aBlouet Brian W
_9402889
245 0 _aGeopolitics and globalization in the twentieth century
260 _aLondon
_bReaktion Books
_c2001
300 _a204p
_ccm.
650 _aForeign Policy World
942 _hV1:19'P, P1
_cTEXL
_2CC
999 _c718693
_d718693